000 00533nmm a2200169Ia 4500
008 251105s9999||||xx |||||||||||||||||und||
020 _a9788437096605
041 _aspa
100 _aTortosa Cosme, Emili
245 0 _aFulgor y muerte de las Cajas de Ahorros
264 _a[Madrid, España] :
_bPublicaciones de la Universidad de Valencia (PUV),
_c2015
300 _a168 páginas
490 _aFora de Col·lecció
650 _aEconomics and Business
856 _uhttps://public.digitaliapublishing.com/a/38892
942 _cCF
999 _c82686
_d82686